Eastern Utah Libraries Catalog: Duchesne, Heber, Roosevelt, & Vernal

The girl who figured it out / (Record no. 396946)

MARC details
000 -LEADER
fixed length control field 03900pam a2200649 i 4500
001 - CONTROL NUMBER
control field 3430151
005 - DATE AND TIME OF LATEST TRANSACTION
control field 20260311113108.0
008 - FIXED-LENGTH DATA ELEMENTS--GENERAL INFORMATION
fixed length control field 240118s2024 ilua b 000 0aeng
010 ## - LIBRARY OF CONGRESS CONTROL NUMBER
LC control number 2024002685
020 ## - INTERNATIONAL STANDARD BOOK NUMBER
International Standard Book Number 9781728276533
Qualifying information (hardcover) :
Terms of availability $18.99
020 ## - INTERNATIONAL STANDARD BOOK NUMBER
International Standard Book Number 1728276535 :
Terms of availability $18.99
035 ## - SYSTEM CONTROL NUMBER
System control number (OCoLC)1422096529
035 ## - SYSTEM CONTROL NUMBER
System control number (OCoLC)on1422096529
040 ## - CATALOGING SOURCE
Original cataloging agency DLC
Language of cataloging eng
Description conventions rda
Transcribing agency DLC
Modifying agency DLC
042 ## - AUTHENTICATION CODE
Authentication code pcc
043 ## - GEOGRAPHIC AREA CODE
Geographic area code a-ii---
-- n-us---
050 00 - LIBRARY OF CONGRESS CALL NUMBER
Classification number GV1060.93
Item number .D46 2024
082 00 - DEWEY DECIMAL CLASSIFICATION NUMBER
Classification number 796.42092
-- B
Edition number 23
082 04 - DEWEY DECIMAL CLASSIFICATION NUMBER
Classification number 927/.9642
092 ## - LOCALLY ASSIGNED DEWEY CALL NUMBER (OCLC)
Classification number E
Item number Dentler
100 1# - MAIN ENTRY--PERSONAL NAME
Personal name Dentler, Minda,
Relator term author.
9 (RLIN) 6488165
245 14 - TITLE STATEMENT
Title The girl who figured it out /
Statement of responsibility, etc words by Minda Dentler ; pictures by Stephanie Dehennin.
264 #1 - Production, Publication, Distribution, Manufacture, and Copyright Notice.
Place of production, publication, distribution, manufacture Naperville, Illinois :
Name of producer, publisher, distributor, manufacturer Sourcebooks eXplore,
Date of production, publication, distribution, manufacture, or copyr [2024]
300 ## - PHYSICAL DESCRIPTION
Extent 1 volume (unpaged) :
Other physical details color illustrations ;
Dimensions 26 x 27 cm
336 ## - Content Type
Content type term text
337 ## - Media type
Media type term unmediated
338 ## - Carrier type
Carrier type term volume
500 ## - GENERAL NOTE
General note "The inspiring true story of wheelchair athlete Minda Dentler becoming an Ironman World champion"--Cover page 1.
520 ## - SUMMARY, ETC.
Summary, etc "The uplifting true story of Minda Dentler, the first female wheelchair athlete to complete the Ironman World Championship triathlon. Minda Dentler made history when she became the first female wheelchair athlete to complete the world's toughest triathlon, using only her arms to finish a 2.4 mile swim, 112 mile bike ride, and 26.2 mile marathon. But the journey there wasn't easy. Minda was paralyzed as an infant in India after contracting polio, and was left in the care of an orphanage. After she was adopted by an American family and moved to Washington, she underwent surgeries to enable her to walk with leg braces and crutches. As she grew, she faced many challenges, but remained undeterred by her disability. Her decision to begin training and competing in triathlons was no different. Despite the obstacles and failures she experienced along the way, Minda's persistence and determination in the face of setbacks helped her to make sports history and inspire people around the world to rethink what's possible!"--
521 1# - TARGET AUDIENCE NOTE
Target audience note 5-8
Source Brodart.
521 2# - TARGET AUDIENCE NOTE
Target audience note K-3
Source Brodart.
600 10 - SUBJECT ADDED ENTRY--PERSONAL NAME
Personal name Dentler, Minda
Form subdivision Juvenile literature.
9 (RLIN) 6488166
600 11 - SUBJECT ADDED ENTRY--PERSONAL NAME
Personal name Dentler, Minda.
9 (RLIN) 6488167
650 #0 - SUBJECT ADDED ENTRY--TOPICAL TERM
Topical term or geographic name as entry element Wheelchair track and field
Geographic subdivision India
Form subdivision Biography
-- Juvenile literature.
9 (RLIN) 6488168
650 #0 - SUBJECT ADDED ENTRY--TOPICAL TERM
Topical term or geographic name as entry element Women athletes with disabilities
Geographic subdivision India
Form subdivision Biography
-- Juvenile literature.
9 (RLIN) 6488169
650 #0 - SUBJECT ADDED ENTRY--TOPICAL TERM
Topical term or geographic name as entry element Women triathletes
Geographic subdivision United States
Form subdivision Juvenile literature.
9 (RLIN) 6488170
650 #0 - SUBJECT ADDED ENTRY--TOPICAL TERM
Topical term or geographic name as entry element Ironman triathlons
Form subdivision Juvenile literature.
9 (RLIN) 6488171
650 #0 - SUBJECT ADDED ENTRY--TOPICAL TERM
Topical term or geographic name as entry element Orphans
Geographic subdivision India
Form subdivision Biography
-- Juvenile literature.
9 (RLIN) 6488172
650 #0 - SUBJECT ADDED ENTRY--TOPICAL TERM
Topical term or geographic name as entry element Poliomyelitis
Form subdivision Juvenile literature.
9 (RLIN) 6473990
650 #1 - SUBJECT ADDED ENTRY--TOPICAL TERM
Topical term or geographic name as entry element Wheelchair track and field.
9 (RLIN) 6488173
650 #1 - SUBJECT ADDED ENTRY--TOPICAL TERM
Topical term or geographic name as entry element Women athletes with disabilities.
9 (RLIN) 6488174
650 #1 - SUBJECT ADDED ENTRY--TOPICAL TERM
Topical term or geographic name as entry element Women triathletes.
9 (RLIN) 6488175
650 #1 - SUBJECT ADDED ENTRY--TOPICAL TERM
Topical term or geographic name as entry element Ironman triathlons.
650 #1 - SUBJECT ADDED ENTRY--TOPICAL TERM
Topical term or geographic name as entry element Orphans.
650 #1 - SUBJECT ADDED ENTRY--TOPICAL TERM
Topical term or geographic name as entry element Polio.
9 (RLIN) 6488176
650 #7 - SUBJECT ADDED ENTRY--TOPICAL TERM
Topical term or geographic name as entry element JUVENILE NONFICTION / Biography & Autobiography / Sports & Recreation.
Source of heading or term bisacsh
9 (RLIN) 5869388
650 #7 - SUBJECT ADDED ENTRY--TOPICAL TERM
Topical term or geographic name as entry element JUVENILE NONFICTION / Disabilities.
Source of heading or term bisacsh
9 (RLIN) 6463292
650 #7 - SUBJECT ADDED ENTRY--TOPICAL TERM
Topical term or geographic name as entry element JUVENILE NONFICTION / Sports & Recreation / Track & Field.
Source of heading or term bisacsh
9 (RLIN) 5966709
700 1# - ADDED ENTRY--PERSONAL NAME
Personal name Dehennin, Stephanie,
Relator term illustrator.
9 (RLIN) 6468045
942 ## - ADDED ENTRY ELEMENTS (KOHA)
Source of classification or shelving scheme Dewey Decimal Classification
Koha item type BOOK
Holdings
Withdrawn status Lost status Source of classification or shelving scheme Damaged status Not for loan Collection code Home library Current library Shelving location Date acquired Source of acquisition Total Checkouts Total Renewals Full call number Barcode Date last seen Date checked out Cost, replacement price Price effective from Koha item type
    Dewey Decimal Classification     Children NonFiction Wasatch County Library Wasatch County Library Main Floor Childrens Area 05/23/2024 Penworthy 3 2 E Biography Dentler 34301002077677 12/17/2025 08/04/2025 18.99 05/23/2024 BOOK
This project was made possible through a grant from the Institute of Museum and Library Service administered by the Utah State Library Division.

Wasatch County Library

  • 465 East 1200 South, Heber City, Utah 84032
  • Phone 435-654-1511 | Fax 435-654-6456

Hours

  • Monday - Friday 9:30 AM - 8:00 PM
  • Saturday 9:30 AM - 1:30 PM
  • Closed Sundays and Holidays